| 000 | 00588nam a22002057a 4500 | ||
|---|---|---|---|
| 005 | 20170405102719.0 | ||
| 010 | _aENG-117703 | ||
| 020 |
_a9788175967175 _c495.00 |
||
| 035 | _aEN-101235 | ||
| 037 | _bDBAD/PUB | ||
| 082 | _a330 | ||
| 100 | _aHoag,Arleen J. | ||
| 245 |
_aIntrodutory economics / _cby Arleen J. Hoag [and] John J. Hoag |
||
| 250 | _a4th ed. | ||
| 260 |
_aNew Delhi _bCambridge House _c2012 |
||
| 270 |
_a4381/4 Ansari Road Daryaganj _bNew Delhi _e110002 |
||
| 300 | v |
_a505p. _c24cm(pbk) |
|
| 500 | _aIncludes index | ||
| 942 |
_2ddc _cEN _h330 _mHOA |
||
| 999 |
_c138654 _d138654 |
||